<?xml version="1.0" encoding="UTF-8"?>
<marc:record xmlns:marc="http://www.loc.gov/MARC21/slim">
   <marc:leader>00000nam a2200000 a 4500</marc:leader>
   <marc:datafield ind1="1" ind2=" " tag="100">
      <marc:subfield code="a">Gelder, Ann-Kristin</marc:subfield>
      <marc:subfield code="4">aut</marc:subfield>
      <marc:subfield code="e">Verfasser/-in</marc:subfield>
   </marc:datafield>
   <marc:datafield ind1="0" ind2="0" tag="245">
      <marc:subfield code="a">The Evil of Salwood</marc:subfield>
   </marc:datafield>
   <marc:datafield ind1="0" ind2="0" tag="245">
      <marc:subfield code="b">Gänsehaut-Thriller</marc:subfield>
   </marc:datafield>
   <marc:datafield ind1="0" ind2="0" tag="245">
      <marc:subfield code="c">Gelder, Ann-Kristin</marc:subfield>
   </marc:datafield>
   <marc:datafield ind1=" " ind2="1" tag="264">
      <marc:subfield code="a">Stuttgart</marc:subfield>
      <marc:subfield code="b">Thienemann in der Thienemann-Esslinger Verlag GmbH</marc:subfield>
      <marc:subfield code="c">2021</marc:subfield>
   </marc:datafield>
   <marc:datafield ind1="1" ind2=" " tag="520">
      <marc:subfield code="a">Angaben aus der Verlagsmeldung

The Evil of Salwood / von Ann-Kristin Gelder

Ein abgelegenes Dorf, ein Bannkreis, Geister, die auf verlorene Seelen lauern, ein Pakt mit dem Teufel: Dieser packender Mysterythriller mit mitreißender Liebesgeschichte garantiert Lesegenuss pur!Faye und Ezra wohnen in Salwood, abgeschottet von der Außenwelt. Ein Bannkreis aus Salz schützt die Dorfbewohner vor den Geistern, die im Nebel geduldig auf ihre Opfer warten. Als Mutprobe wagt sich eine Gruppe Jugendlicher in den Nebel. Ein Mädchen stirbt und Faye entdeckt bald, dass ein Geist von ihr Besitz ergriffen hat. Zusammen mit Ezra versucht sie herauszufinden, wie sie sich und das Dorf retten kann. Dabei kommen die beiden einem schrecklichen Verrat auf die Spur ...
</marc:subfield>
   </marc:datafield>
   <marc:datafield ind1=" " ind2=" " tag="020">
      <marc:subfield code="a">9783522202763</marc:subfield>
      <marc:subfield code="9">9783522202763</marc:subfield>
   </marc:datafield>
   <marc:datafield ind1=" " ind2=" " tag="020">
      <marc:subfield code="a">3522202767</marc:subfield>
      <marc:subfield code="9">3522202767</marc:subfield>
   </marc:datafield>
   <marc:datafield ind1=" " ind2=" " tag="041">
      <marc:subfield code="a">ger</marc:subfield>
   </marc:datafield>
   <marc:datafield ind1=" " ind2=" " tag="300">
      <marc:subfield code="a">384 Seiten</marc:subfield>
   </marc:datafield>
</marc:record>
